Statistics for Motörhead Albums

Click here to take the quiz!

General Stats

  • This quiz has been taken 361 times
  • The average score is 15 of 31

Answer Stats

HintAnswer% Correct
1980Ace of Spades
95%
1977Motörhead
91%
1979Overkill
91%
1979Bomber
85%
1986Orgasmatron
77%
19911916
74%
1982Iron Fist
74%
1993Bastards
66%
1983Another Perfect Day
61%
1987Rock 'n' Roll
59%
2008Motörizer
57%
2000We Are Motörhead
56%
1998Snake Bite Love
53%
2010The Wörld Is Yours
53%
1992March ör Die
52%
1981No Sleep 'til Hammersmith
50%
2013Aftershock
48%
2004Inferno
47%
1995Sacrifice
45%
1996Overnight Sensation
42%
2002Hammered
41%
1988Nö Sleep at All
34%
2006Kiss of Death
32%
1999Everything Louder than Everyone Else
19%
2011The World Is Ours - Vol. 1
15%
1984What's Words Worth?
15%
2003Live at Brixton Academy'
14%
2012The World Is Ours - Vol. 2
13%
2005BBC Live & In-Session
3%
2007Better Motörhead than Dead: Live at Hammersmith
3%
1994Live At Brixton '87
3%

Score Distribution

Percentile by Number Answered

Percent of People with Each Score

Your Score History

You have not taken this quiz